| 000 | 00378nam a2200145Ia 4500 | ||
|---|---|---|---|
| 008 | 230312s9999||||xx |||||||||||||| ||und|| | ||
| 020 | _a0-07-050275-8 | ||
| 082 |
_a658.3 _bSAI-H |
||
| 100 | _aSaiyadain;Mirza.S | ||
| 245 | 0 | _aHuman Resources Management | |
| 260 |
_bMcGrawHill _aIndia _c2007 |
||
| 300 | _a509 | ||
| 650 |
_aManagement _vHuman Resources Management |
||
| 942 | _cBK | ||
| 999 |
_c11243 _d11243 |
||